000 01071nam a2200265 i 4500
001 36453
003 ES-MaACL
005 20250806074224.0
007 t|
008 030218s1983 sp ||||1| spa d
020 _a84-600-2903-4
100 1 _aBujosa, Francesc.
_932485
245 1 3 _aLa afasia y la polarización ideológica en torno al sistema nervioso central en la primera mitad del siglo XIX /
_cFrancesc Bujosa.
260 _aValencia :
_bUniversidad de Valencia, Cátedra de Historia de la Medicina,
_c1983.
300 _a299 p. ;
_c21 cm.
490 1 _aCuadernos valencianos de historia de la medicina y de la ciencia ;
_v25
504 _aBibliografía: p. 275-291.
650 4 _aAfasia.
_9172501
650 4 _aCerebro-
_xEnfermedades.
_9152574
650 4 _aSistema nervioso central-
_xEnfermedades.
_9165408
710 2 _aUniversidad de Valencia.
_bCátedra de Historia de la Medicina.
_97315
830 1 0 _aCuadernos valencianos de historia de la medicina y de la ciencia
_v25
_9181644
852 _aES-MaACL
_jL-4320
999 _c36453
_d36453